<?xml version="1.0" encoding="UTF-8"?>
<collection xmlns="http://www.loc.gov/MARC21/slim">
 <record>
  <leader>02617nam a2200265 a 4500</leader>
  <controlfield tag="001">1/49394</controlfield>
  <controlfield tag="008">200709s2002    gr            00010 gre  </controlfield>
  <datafield tag="020" ind1=" " ind2=" ">
   <subfield code="a">9605600498</subfield>
   <subfield code="q">(set)</subfield>
  </datafield>
  <datafield tag="020" ind1=" " ind2=" ">
   <subfield code="a">9605600501</subfield>
   <subfield code="q">(?. 1)</subfield>
  </datafield>
  <datafield tag="020" ind1=" " ind2=" ">
   <subfield code="a">960560051?</subfield>
   <subfield code="q">(?. 2)</subfield>
  </datafield>
  <datafield tag="035" ind1=" " ind2=" ">
   <subfield code="l">52396</subfield>
  </datafield>
  <datafield tag="040" ind1=" " ind2=" ">
   <subfield code="a">GR-PeUP</subfield>
  </datafield>
  <datafield tag="082" ind1="0" ind2="0">
   <subfield code="a">370.949509034 ΕΚΠ</subfield>
  </datafield>
  <datafield tag="245" ind1="0" ind2="2">
   <subfield code="a">Η εκπαίδευση κατά την ελληνική επανάσταση, 1821-1827 :</subfield>
   <subfield code="b">τεκμηριωτικά κείμενα /</subfield>
   <subfield code="c">έρευνα-παρουσίαση Δαυίδ Αντωνίου.</subfield>
  </datafield>
  <datafield tag="260" ind1="0" ind2=" ">
   <subfield code="a">Αθήνα :</subfield>
   <subfield code="b">Βουλή των Ελλήνων,</subfield>
   <subfield code="c">2002.</subfield>
  </datafield>
  <datafield tag="300" ind1=" " ind2=" ">
   <subfield code="a">2 τ. :</subfield>
   <subfield code="b">πιν. ;</subfield>
   <subfield code="c">28 εκ.</subfield>
  </datafield>
  <datafield tag="500" ind1=" " ind2=" ">
   <subfield code="a">τ.1. 1821-1825: Πρόλογος του Προέδρου της Βουλής των Ελλήνων -- Προλογικό σημείωμα -- Εισαγωγικό - εκδοτικό σημείωμα -- Πηγές -- I. Αρχεία και βιβλιοθήκες -- II. Συντομογραφίες -- Έδρες της Διοικήσεως -- Μέρος πρώτο: τα κείμενα -- Συνταγματικές και διοικητικές ρυθμίσεις (1-9) -- 1821 (10-17) -- 1822 (18-51) -- 1823 (52-116) -- 1824 (117-345) -- 1825 (346-613) -- Κατάλογος ομοιοτύπων -- Κατάλογος κειμένων τ.2. 1826-1827: 1826 (614-699) -- 1827 (700-870) -- Μέρος δεύτερο: η «ανάγνωση» -- «Προσημείωσις» -- Συνταγματικές και διοικητικές ρυθμίσεις -- 1821 -- 1822 --1823 -- 1824 -- 1825 -- 1826 -- 1827 -- Παράρτημα -- Στατιστικά στοιχεία -- Συμπεράσματα -- Κατάλογος ομοιοτύπων -- κατάλογος κειμένων -- Λεξιλόγιο -- Βιβλιογραφία -- Ευρετήριο.</subfield>
  </datafield>
  <datafield tag="500" ind1=" " ind2=" ">
   <subfield code="a">Περιλαμβάνει βιβλιογραφία και ευρετήριο.</subfield>
  </datafield>
  <datafield tag="505" ind1="0" ind2=" ">
   <subfield code="a">Τ.1. 1821-1825 -- Τ.2. 1826-1827.</subfield>
  </datafield>
  <datafield tag="650" ind1=" " ind2="4">
   <subfield code="a">Education</subfield>
   <subfield code="z">Greece</subfield>
   <subfield code="x">History</subfield>
   <subfield code="y">19th century</subfield>
   <subfield code="x">Sources.</subfield>
  </datafield>
  <datafield tag="650" ind1=" " ind2="4">
   <subfield code="a">Εκπαίδευση</subfield>
   <subfield code="z">Ελλάδα</subfield>
   <subfield code="x">Ιστορία</subfield>
   <subfield code="x">Πόλεμος της ανεξαρτησίας, 1821-1829</subfield>
   <subfield code="x">Πηγές.</subfield>
  </datafield>
  <datafield tag="651" ind1=" " ind2="0">
   <subfield code="a">Greece</subfield>
   <subfield code="x">History</subfield>
   <subfield code="x">War of independence, 1821-1829</subfield>
   <subfield code="x">Sources.</subfield>
  </datafield>
  <datafield tag="700" ind1="1" ind2=" ">
   <subfield code="a">Αντωνίου, Δαυίδ.</subfield>
  </datafield>
  <datafield tag="852" ind1=" " ind2=" ">
   <subfield code="a">INST</subfield>
   <subfield code="b">UNIPILB</subfield>
   <subfield code="c">MAIN</subfield>
   <subfield code="e">20200709</subfield>
   <subfield code="h">370.949509034 ΕΚΠ</subfield>
   <subfield code="p">00183285</subfield>
   <subfield code="q">00183285</subfield>
   <subfield code="t">LOAN</subfield>
   <subfield code="v">τ.2:</subfield>
   <subfield code="y">0</subfield>
   <subfield code="z">τ.2</subfield>
   <subfield code="4">1</subfield>
  </datafield>
  <datafield tag="852" ind1=" " ind2=" ">
   <subfield code="a">INST</subfield>
   <subfield code="b">UNIPILB</subfield>
   <subfield code="c">MAIN</subfield>
   <subfield code="e">20200709</subfield>
   <subfield code="h">370.949509034 ΕΚΠ</subfield>
   <subfield code="p">00183286</subfield>
   <subfield code="q">00183286</subfield>
   <subfield code="t">LOAN</subfield>
   <subfield code="v">τ.1:</subfield>
   <subfield code="y">0</subfield>
   <subfield code="z">τ.1</subfield>
   <subfield code="4">1</subfield>
  </datafield>
 </record>
</collection>
